00317nam a2200133Ia 4500008004100000020001500041041001200056082001600068100001900084245002400103260003400127300000800161650001400169221030s9999 xx 000 0 und d a8176566098 aEnglish a105.23bBas aS. K. Basandra 0aLocal Area Networks bGalgotia PubaNew Delhic2003 a692 aCOMPUTERS